000 02194cam a2200493 c 4500
001 161811106X
003 DE-627
005 20251021090834.0
007 tu
008 090224s2009 xxu||||| 00| ||eng c
010 _a 2008052422
020 _a9780765617118
_9978-0-7656-1711-8
035 _a(DE-627)161811106X
035 _a(DE-576)303427019
035 _a(DE-599)BSZ303427019
035 _a(OCoLC)610770240
035 _a(OCoLC)610770240
040 _aDE-627
_bger
_cDE-627
041 _aeng
044 _cXD-US
100 1 _81\p
_aGoltz, Thomas
_d1954-
_0(DE-588)1053087209
_0(DE-627)789593947
_0(DE-576)408812885
_4aut
_967426
245 1 0 _aGeorgia diary
_ba chronicle of war and political chaos in the post-Soviet Caucasus
_cby Thomas Goltz
250 _aExpanded ed.
264 1 _aArmonk, N.Y
_bM.E. Sharpe
_c2009
300 _aXXXI, 308 S.
_bIll., Kt.
336 _aText
_btxt
_2rdacontent
337 _aohne Hilfsmittel zu benutzen
_bn
_2rdamedia
338 _aBand
_bnc
_2rdacarrier
500 _aIncludes bibliographical references and index
520 _aPrologue: A (new) Caucasian chalk circle -- The quest for Gamsakhurdia -- A far-flung piece of paradise -- The Silver Fox -- An Abkhazian interlude -- The fall of Zugdidi -- Along the banks of Mtkvari -- (Muslim) Georgia on my mind -- Storm clouds over Sukhumi -- Pending war and the death of a friend -- Sarajevo by the sea -- Black Sea refugee -- Aftermath in the mountains -- Chaos in the Caucasus -- Bridge across the Inguri -- Trying to square a chalk circle -- Epilogue: The Olympics war -- Photographic essay
583 1 _aArchivierung prüfen
_c20200919
_fDE-640
_z1
_2pdager
600 1 0 _aGoltz, Thomas
_xTravel
_xGeorgia (Republic)
_967427
650 0 _aPost-communism
_xGeorgia (Republic)
_967428
651 0 _aGeorgia (Republic)
_xHistory
_x1991-
_967429
651 0 _aGeorgia (Republic)
_xDescription and travel
_967430
883 _81\p
_acgwrk
_d20250301
_qDE-101
_uhttps://d-nb.info/provenance/plan#cgwrk
936 b k _a15.74
942 _2z
_cMG
999 _c73077
_d73077